Isaac Asimov's ghosts /

Bibliographic Details
Other Authors: Dozois, Gardner R., Williams, Sheila
Format: Book
Language:English
Published: New York : Ace Books, 1995.
Edition:Ace original ed.
Series:Ace science fiction
Subjects:

MARC

Tag First Indicator Second Indicator Subfields
LEADER 00000cam a2200000 a 4500
001 in00001263321
005 20151004051205.0
008 950726s1995 nyu 000 1 eng d
020 |a 0441002544 (pbk.) :  |c $5.50 
035 |a (OCoLC)32877065 
035 |9 AGW5446AM 
040 |a EOW  |c EOW  |d DAY  |d TXA  |d UtOrBLW 
049 |a TXAM 
090 |a PS648.G48  |b I82 1995 
092 |a 813 
245 0 0 |a Isaac Asimov's ghosts /  |c edited by Gardner Dozois and Sheila Williams. 
250 |a Ace original ed. 
264 1 |a New York :  |b Ace Books,  |c 1995. 
300 |a 225 pages ;  |c 18 cm. 
336 |a text  |b txt  |2 rdacontent 
337 |a unmediated  |b n  |2 rdamedia 
338 |a volume  |b nc  |2 rdacarrier 
490 0 |a Ace science fiction 
505 0 0 |t Death on the Nile /  |r Connie Willis --  |t Deathbinder /  |r Alexander Jablokov --  |t Hauntings /  |r Kim Antieau --  |t Dead man's curve /  |r Terry Bisson --  |t Visitors /  |r Jack Dann --  |t July ward /  |r S.N. Dyer --  |t Rainses' /  |r Nisi Shawl --  |t Some old lover's ghost /  |r Ian McDowell --  |t Death and the librarian /  |r Esther M. Friesner --  |t And ghost stories /  |r R.V. Branham --  |t Alfred /  |r Lisa Goldstein --  |t House on Cemetery Street /  |r Cherry Wilder. 
650 0 |a Ghost stories. 
700 1 |a Dozois, Gardner R. 
700 1 |a Williams, Sheila. 
999 |a MARS 
999 f f |s c4fc6f60-fade-3a87-9988-9dbcc338c554  |i 58cd7480-915d-33f3-9727-5428bfed10d4  |t 0 
952 f f |p normal  |a Texas A&M University  |b College Station  |c Sterling C. Evans Library  |d Evans: Library Stacks  |t 0  |e PS648.G48 I82 1995  |h Library of Congress classification  |i unmediated -- volume  |m A14819901804 
998 f f |a PS648.G48 I82 1995  |t 0  |l Evans: Library Stacks